[Event "North American-ch U20"]
[Site "Kitchener"]
[Date "2015.07.30"]
[Round "9"]
[White "Ming, Wenyang"]
[Black "Nasir, Pi"]
[Result "0-1"]
[WhiteElo "1834"]
[BlackElo "1882"]
[PlyCount "70"]
[EventDate "2015.07.26"]
[EventType "swiss"]
[EventRounds "9"]
[EventCountry "CAN"]
[SourceTitle "EXT 2019"]
[Source "ChessBase"]
[SourceDate "2018.10.10"]
[SourceVersion "1"]
[SourceVersionDate "2018.10.10"]
[SourceQuality "1"]

1. e4 Nf6 2. e5 Nd5 3. Nc3 Nb6 4. d4 d6 5. Bd3 g6 6. Bf4 Bg7 7. h3 a6 8. Nf3 Nc6 9. a3 Nxd4 10. Nxd4 dxe5 11. Nc6 bxc6 12. Bd2 Bb7 13. 0-0 0-0 14. Ne4 Nd5 15. g3 Bc8 16. Kg2 Nf6 17. Qf3 Be6 18. Rad1 Bd5 19. Bc3 Nxe4 20. Bxe4 e6 21. Qe3 Qb8 22. f3 Qb6 23. Qe2 Rae8 24. a4 f6 25. b3 Bh6 26. Bd2 Bxd2 27. Rxd2 Kg7 28. Bd3 c5 29. Bxa6 Rd8 30. Bd3 Rd6 31. Ra1 Qa5 32. Rad1 Rfd8 33. c4 Bc6 34. Ra2 Qc3 35. Bc2 Rd2 0-1

[Event "North American-ch U20"]
[Site "Kitchener"]
[Date "2015.07.27"]
[Round "2"]
[White "Nasir, Pi"]
[Black "Zhang, Henry"]
[Result "1-0"]
[WhiteElo "1882"]
[BlackElo "1593"]
[PlyCount "101"]
[EventDate "2015.07.26"]
[EventType "swiss"]
[EventRounds "9"]
[EventCountry "CAN"]
[SourceTitle "EXT 2019"]
[Source "ChessBase"]
[SourceDate "2018.10.10"]
[SourceVersion "1"]
[SourceVersionDate "2018.10.10"]
[SourceQuality "1"]

1. Nf3 d5 2. d4 Nf6 3. e3 g6 4. c4 Bg7 5. Nc3 0-0 6. Be2 b6 7. Ne5 Bb7 8. Bf3 c6 9. 0-0 dxc4 10. Re1 Nd5 11. Nxc4 Qc7 12. Bd2 Nxc3 13. Bxc3 Rd8 14. Qb3 Nd7 15. Rad1 e6 16. e4 b5 17. Na5 Nb6 18. Qc2 Rd7 19. Nb3 Rdd8 20. Ba5 Qe7 21. e5 Rdc8 22. a3 Nd5 23. Nc5 Rab8 24. Ne4 b4 25. Nd6 bxa3 26. bxa3 Rf8 27. Bxd5 cxd5 28. Qc7 Qg5 29. Nxb7 Rfc8 30. Qd7 Qf4 31. Bc7 Ra8 32. Nd6 Rf8 33. Re3 Qg4 34. Rf3 f6 35. h3 Qh5 36. Qxe6+ Kh8 37. Nf7+ Rxf7 38. Qxf7 Rf8 39. Qxd5 f5 40. e6 Qg5 41. Be5 Qe7 42. Bxg7+ Qxg7 43. Qe5 Qxe5 44. dxe5 Re8 45. Rd6 Re7 46. Rfd3 Kg7 47. Rd7 Kf8 48. Rxe7 Kxe7 49. Rd7+ Kxe6 50. Rxh7 Kxe5 51. Rxa7 1-0

[Event "North American-ch U20"]
[Site "Kitchener"]
[Date "2014.08.03"]
[Round "8.18"]
[White "Nasir, Pi"]
[Black "Cai, Jason"]
[Result "1/2-1/2"]
[WhiteElo "1854"]
[BlackElo "1850"]
[PlyCount "129"]
[EventDate "2014.07.31"]
[EventType "swiss"]
[EventRounds "9"]
[EventCountry "CAN"]
[SourceTitle "EXT 2022"]
[Source "ChessBase"]
[SourceDate "2021.10.06"]
[SourceVersion "1"]
[SourceVersionDate "2021.10.06"]
[SourceQuality "1"]

1. Nf3 c5 2. c4 Nf6 3. g3 b6 4. Bg2 Bb7 5. d3 g6 6. 0-0 Bg7 7. Nc3 0-0 8. Bg5 d6 9. Rb1 Nbd7 10. Qd2 Re8 11. a3 a6 12. Rfe1 Qc7 13. Rec1 Rac8 14. Ne1 e6 15. b4 cxb4 16. axb4 Bxg2 17. Nxg2 Qb7 18. e4 Rc7 19. Bf4 Ne5 20. Bxe5 dxe5 21. Na4 Nd7 22. h4 Rec8 23. b5 a5 24. Kh2 Nc5 25. Nxc5 Rxc5 26. Qe2 Rd8 27. Rd1 Rc7 28. g4 h6 29. Rdc1 Bf8 30. Ne3 Rcd7 31. Rc3 Bb4 32. Rcb3 Rd6 33. Nd1 Kh7 34. Nb2 Qe7 35. Kh3 f5 36. f3 Rf8 37. Rf1 Qf6 38. Rg1 fxg4+ 39. fxg4 Rd7 40. Na4 Rdf7 41. Rg3 Be7 42. g5 hxg5 43. hxg5 Qf4 44. Nxb6 Bxg5 45. Rb1 Qh4+ 46. Kg2 Rf2+ 47. Qxf2 Rxf2+ 48. Kxf2 Bf4 49. Rbg1 Bxg3+ 50. Rxg3 Qf4+ 51. Rf3 Qd2+ 52. Kg3 Qe1+ 53. Kg2 Qd2+ 54. Kg3 Qb4 55. Kg4 Qb1 56. Na4 Qb4 57. Nb6 a4 58. Rf7+ Kg8 59. Ra7 Qc5 60. Ra8+ Kg7 61. Nxa4 Qg1+ 62. Kf3 Qf1+ 63. Ke3 Qe1+ 64. Kf3 Qf1+ 65. Ke3 1/2-1/2

[Event "North American-ch U20"]
[Site "Kitchener"]
[Date "2014.07.31"]
[Round "1.8"]
[White "Nasir, Pi"]
[Black "Tang, Andrew"]
[Result "0-1"]
[WhiteElo "1854"]
[BlackElo "2258"]
[PlyCount "106"]
[EventDate "2014.07.31"]
[EventType "swiss"]
[EventRounds "9"]
[EventCountry "CAN"]
[SourceTitle "EXT 2022"]
[Source "ChessBase"]
[SourceDate "2021.10.06"]
[SourceVersion "1"]
[SourceVersionDate "2021.10.06"]
[SourceQuality "1"]

1. Nf3 d5 2. g3 Nf6 3. Bg2 e6 4. 0-0 Be7 5. b3 0-0 6. Bb2 c5 7. e3 Nc6 8. d3 b6 9. Nbd2 Bb7 10. Re1 Qc7 11. e4 Rfd8 12. exd5 Nxd5 13. Nc4 Bf6 14. Bxf6 Nxf6 15. Qe2 h6 16. Nce5 Nd4 17. Nxd4 cxd4 18. Bxb7 Qxb7 19. a4 Rac8 20. Ra2 a6 21. Qf3 Rd5 22. Nc4 Qc7 23. a5 b5 24. Nb6 Rf5 25. Qg2 Rd8 26. Re2 Ng4 27. h3 Ne5 28. f4 Nc6 29. Ra1 Nxa5 30. Rxa5 Qxb6 31. Ra1 a5 32. Re4 Qc7 33. Qf2 Rc5 34. Ra2 Rcd5 35. Qd2 Ra8 36. Kh2 Qc6 37. Re2 a4 38. bxa4 bxa4 39. Qb4 Qb5 40. Qxb5 Rxb5 41. Re1 a3 42. Kg2 Rc8 43. Kf3 Rb2 44. Rxa3 Rcxc2 45. Ra4 Rf2+ 46. Kg4 g6 47. Rxd4 Kg7 48. Rc1 e5 49. fxe5 h5+ 50. Kh4 Kh6 51. Rd6 f6 52. Rxf6 Rxf6 53. exf6 g5# 0-1

[Event "Toronto NAYCC U18"]
[Site "Toronto"]
[Date "2013.08.17"]
[Round "6"]
[White "Zhang, Eric"]
[Black "Nasir, Pi"]
[Result "1-0"]
[WhiteElo "2167"]
[BlackElo "1947"]
[PlyCount "93"]
[EventDate "2013.08.14"]
[EventType "swiss"]
[EventRounds "9"]
[EventCountry "CAN"]
[SourceTitle "EXT 2022"]
[Source "ChessBase"]
[SourceDate "2021.10.06"]
[SourceVersion "1"]
[SourceVersionDate "2021.10.06"]
[SourceQuality "1"]

1. e4 e6 2. d4 d5 3. Nc3 Bb4 4. e5 c5 5. a3 Bxc3+ 6. bxc3 Qa5 7. Bd2 Ne7 8. Nf3 Nbc6 9. Bd3 c4 10. Be2 0-0 11. 0-0 Ng6 12. Ne1 f6 13. f4 fxe5 14. fxe5 Bd7 15. Nf3 Nf4 16. Ng5 Nxe2+ 17. Qxe2 h6 18. Nh3 Rxf1+ 19. Rxf1 Rf8 20. Nf4 Qxa3 21. h4 Qe7 22. Rb1 Be8 23. Qg4 Nd8 24. Ra1 a6 25. Bc1 Qf7 26. g3 Qf5 27. Qxf5 Rxf5 28. g4 Rf7 29. Kg2 Bd7 30. Kg3 Bc8 31. Ba3 b5 32. g5 Nc6 33. Kg4 a5 34. Bc5 Rb7 35. g6 b4 36. Nh5 Nb8 37. cxb4 axb4 38. Rf1 Nd7 39. Bxb4 Rxb4 40. Rf7 c3 41. Rxg7+ Kh8 42. Rh7+ Kg8 43. Nf6+ Nxf6+ 44. exf6 Rb7 45. f7+ Rxf7 46. gxf7+ Kf8 47. Kh5 1-0

[Event "Canadian op 48th"]
[Site "Toronto"]
[Date "2011.07.15"]
[Round "7"]
[White "Nasir, Pi"]
[Black "Aird, Ian"]
[Result "1/2-1/2"]
[WhiteElo "1599"]
[BlackElo "1909"]
[PlyCount "70"]
[EventDate "2011.07.09"]
[EventType "swiss"]
[EventRounds "9"]
[EventCountry "CAN"]
[SourceTitle "EXT 2022"]
[Source "ChessBase"]
[SourceDate "2021.10.06"]
[SourceVersion "1"]
[SourceVersionDate "2021.10.06"]
[SourceQuality "1"]

1. e4 e5 2. Nf3 Nc6 3. Bc4 Nf6 4. Nc3 Nxe4 5. Nxe4 d5 6. Bb5 dxe4 7. Nxe5 Qd5 8. Nxc6 bxc6 9. Be2 Bd6 10. d3 0-0 11. 0-0 Re8 12. dxe4 Qxe4 13. Bf3 Qe5 14. g3 Bb7 15. Bd2 Qf5 16. Bc3 Rad8 17. Bg4 Qg6 18. Bh5 Qg5 19. Qg4 Qh6 20. Qf5 Qe6 21. Qxe6 Rxe6 22. Rfe1 Rde8 23. Rxe6 Rxe6 24. Bf3 Be5 25. Bxe5 Rxe5 26. Rd1 Kf8 27. Rd7 Re7 28. Rd8+ Re8 29. Rxe8+ Kxe8 30. Kf1 Ba6+ 31. Ke1 Kd7 32. Kd2 Kd6 33. Ke3 c5 34. Kf4 Bc4 35. b3 Be6 1/2-1/2